Вып. 50: Химия и физикохимия композиционных полимерных материалов; Композиционные полимерные материалы

Бібліографічні деталі
Parent link:Композиционные полимерные материалы: республиканский межведомственный сборник научных трудов/ Академия наук Украинской ССР (АН УССР), Институт химии высокомолекулярных соединений (ИХВС) ; отв. ред. Е. В. Лебедев. Вып. 50: Химия и физикохимия композиционных полимерных материалов.— , 1979-1991
Мова:Російська
Опубліковано: 1991
Предмети:
Формат: Книга
KOHA link:https://koha.lib.tpu.ru/cgi-bin/koha/opac-detail.pl?biblionumber=193084

MARC

LEADER 00000nam2a2200000 4500
001 193084
005 20231031181708.0
035 |a (RuTPU)RU\TPU\book\210537 
090 |a 193084 
100 |a 20110314d1991 k y0rusy50 ca 
101 0 |a rus 
102 |a RU 
105 |a a z 001zy 
200 0 |a Вып. 50: Химия и физикохимия композиционных полимерных материалов 
210 |d 1991 
215 |a 88 с.  |c ил. 
320 |a Библиогр. в конце ст. 
461 1 |0 (RuTPU)RU\TPU\book\143378  |t Композиционные полимерные материалы  |o республиканский межведомственный сборник научных трудов  |f Академия наук Украинской ССР (АН УССР), Институт химии высокомолекулярных соединений (ИХВС) ; отв. ред. Е. В. Лебедев  |v Вып. 50: Химия и физикохимия композиционных полимерных материалов  |d 1979-1991 
610 1 |a полимерные материалы 
610 1 |a композиционные материалы 
610 1 |a композиционные полимерные материалы 
610 1 |a химия 
610 1 |a физикохимия 
610 1 |a наполнители 
610 1 |a эластомеры 
675 |a 678.5  |v 3 
801 1 |a RU  |b 63413507  |c 20110314 
801 2 |a RU  |b 63413507  |c 20150518  |g RCR 
942 |c BK